Some minor characters in the New Testament. (Record no. 5094)

000 -LEADER
fixed length control field 00592nam a2200181 a 4500
001 - CONTROL NUMBER
control field :::00002835$&:&@@
003 - CONTROL NUMBER IDENTIFIER
control field OkBaRHE
005 - DATE AND TIME OF LATEST TRANSACTION
control field 20000607103257.0
008 - FIXED-LENGTH DATA ELEMENTS--GENERAL INFORMATION
fixed length control field s1976 j 000 0 eng u
040 ## - CATALOGING SOURCE
Transcribing agency
100 1# - MAIN ENTRY--PERSONAL NAME
Personal name Robertson, A. T. (Archibald Thomas), 1863-1934.
245 10 - TITLE STATEMENT
Title Some minor characters in the New Testament.
260 ## - PUBLICATION, DISTRIBUTION, ETC. (IMPRINT)
Place of publication, distribution, etc Nashville, TN., :
Name of publisher, distributor, etc Broadman Press
Date of publication, distribution, etc 1976
300 ## - PHYSICAL DESCRIPTION
Extent 182 p. ;
Dimensions 20 cm.
650 ## - SUBJECT ADDED ENTRY--TOPICAL TERM
Topical term or geographic name as entry element Bible New Testament
General subdivision Biography
942 ## - ADDED ENTRY ELEMENTS (KOHA)
Source of classification or shelving scheme
Koha item type Books
Copies
Withdrawn status Lost status Price effective from Shelving location Source of classification or shelving scheme Date checked out Barcode Current Location Damaged status Copy number Date last seen Total Checkouts Date acquired Not for loan Koha item type Full call number Permanent Location
  2010-04-14General Stacks 2011-11-162835RHEMA Bible Training College 12018-03-1612010-04-14 BooksBS 2430 .R588RHEMA Bible Training College